[Event "DEM U10w 2022"]
[Site "Willingen GER"]
[Date "2022.06.05"]
[Round "1"]
[White "Tu, Audrey"]
[Black "Weyerer, Elea"]
[Result "1-0"]
[Termination "normal"]
[Board "9"]
[WhiteElo "1108"]
[BlackElo "876"]
[WhiteClock "00:10:21"]
[BlackClock "00:47:29"]
[PlyCount "147"]
[WhiteFideId "34628568"]
[BlackFideId "34605770"]
[EventCountry "GER"]
[EventRounds "11"]
[EventType "swiss"]
[EventDate "2022.06.04"]

1. e4 {[%clk 01:15:58]} {[%emt 00:00:01]} e6 {[%clk 01:15:56]} {[%emt
00:00:05]} 2. d4 {[%clk 01:14:58]} {[%emt 00:01:30]} d5 {[%clk 01:16:18]}
{[%emt 00:00:08]} 3. exd5 {[%clk 01:14:28]} {[%emt 00:01:00]} exd5 {[%clk
01:16:39]} {[%emt 00:00:09]} 4. Nf3 {[%clk 01:10:18]} {[%emt 00:04:40]} Bd6
{[%clk 01:16:50]} {[%emt 00:00:17]} 5. Nc3 {[%clk 01:08:24]} {[%emt 00:02:26]}
c6 {[%clk 01:16:45]} {[%emt 00:00:34]} 6. Bd3 {[%clk 01:05:12]} {[%emt
00:03:43]} Nf6 {[%clk 01:15:44]} {[%emt 00:01:30]} 7. Be3 {[%clk 01:02:48]}
{[%emt 00:02:54]} O-O {[%clk 01:15:31]} {[%emt 00:00:42]} 8. h3 {[%clk
00:59:53]} {[%emt 00:03:26]} Re8 {[%clk 01:15:28]} {[%emt 00:00:29]} 9. Qd2
{[%clk 00:59:09]} {[%emt 00:01:19]} Bf4 {[%clk 01:12:37]} {[%emt 00:03:19]} 10.
O-O-O {[%clk 00:56:56]} {[%emt 00:02:44]} Bxe3 {[%clk 01:11:18]} {[%emt
00:01:49]} 11. fxe3 {[%clk 00:55:23]} {[%emt 00:02:04]} Ne4 {[%clk 01:10:46]}
{[%emt 00:01:00]} 12. Bxe4 {[%clk 00:50:31]} {[%emt 00:05:24]} dxe4 {[%clk
01:11:11]} {[%emt 00:00:06]} 13. Ne5 {[%clk 00:46:05]} {[%emt 00:04:55]} f6
{[%clk 01:10:31]} {[%emt 00:01:09]} 14. Ng4 {[%clk 00:44:07]} {[%emt 00:02:28]}
b5 {[%clk 01:07:57]} {[%emt 00:03:04]} 15. Nf2 {[%clk 00:41:03]} {[%emt
00:03:35]} Bf5 {[%clk 01:07:56]} {[%emt 00:00:28]} 16. g4 {[%clk 00:39:44]}
{[%emt 00:01:52]} Bg6 {[%clk 01:06:29]} {[%emt 00:00:18]} 17. h4 {[%clk
00:40:13]} b4 {[%clk 01:06:15]} {[%emt 00:02:23]} 18. Ne2 {[%clk 00:39:26]}
{[%emt 00:01:19]} Qd6 {[%clk 01:04:40]} {[%emt 00:02:01]} 19. h5 {[%clk
00:38:21]} {[%emt 00:01:37]} Bf7 {[%clk 01:05:03]} {[%emt 00:00:08]} 20. h6
{[%clk 00:35:54]} {[%emt 00:05:44]} g6 {[%clk 01:04:48]} {[%emt 00:00:44]} 21.
Rdg1 {[%clk 00:35:22]} {[%emt 00:01:01]} Bxa2 {[%clk 01:03:59]} {[%emt
00:01:20]} 22. b3 {[%clk 00:34:10]} {[%emt 00:01:43]} Bxb3 {[%clk 01:03:47]}
{[%emt 00:00:43]} 23. cxb3 {[%clk 00:33:12]} {[%emt 00:01:28]} c5 {[%emt
00:06:27]} 24. Ng3 {[%clk 00:27:53]} {[%emt 00:00:07]} cxd4 {[%clk 01:00:24]}
{[%emt 00:03:37]} 25. Nfxe4 {[%clk 00:23:04]} {[%emt 00:05:19]} Qc6+ {[%clk
01:00:15]} {[%emt 00:00:39]} 26. Qc2 {[%clk 00:21:44]} {[%emt 00:01:49]} Rc8
{[%clk 00:57:29]} {[%emt 00:03:15]} 27. Qxc6 {[%clk 00:20:36]} {[%emt
00:01:40]} Rxc6+ {[%clk 00:57:52]} {[%emt 00:00:08]} 28. Kd2 {[%clk 00:20:14]}
{[%emt 00:00:52]} dxe3+ {[%clk 00:57:45]} {[%emt 00:00:37]} 29. Kxe3 {[%clk
00:19:44]} {[%emt 00:00:59]} Nd7 {[%clk 00:56:57]} {[%emt 00:01:18]} 30. Rf1
{[%clk 00:18:22]} {[%emt 00:01:50]} Re8 {[%clk 00:56:44]} {[%emt 00:00:43]} 31.
Rc1 {[%clk 00:17:45]} {[%emt 00:01:09]} Rxc1 {[%clk 00:54:55]} {[%emt
00:02:19]} 32. Rxc1 {[%clk 00:17:59]} {[%emt 00:00:16]} Nb6 {[%clk 00:53:23]}
{[%emt 00:02:00]} 33. Kf3 {[%clk 00:17:02]} {[%emt 00:01:28]} Rf8 {[%clk
00:52:08]} {[%emt 00:01:44]} 34. Rc7 {[%clk 00:16:32]} {[%emt 00:01:02]} Rf7
{[%clk 00:52:25]} {[%emt 00:00:12]} 35. Rc6 {[%clk 00:16:01]} {[%emt 00:01:01]}
Nd5 {[%clk 00:52:06]} {[%emt 00:00:50]} 36. Kg2 {[%clk 00:15:18]} {[%emt
00:01:13]} f5 {[%clk 00:48:09]} {[%emt 00:04:26]} 37. Ng5 {[%clk 00:14:03]}
{[%emt 00:01:45]} Rf8 {[%clk 00:47:09]} {[%emt 00:01:29]} 38. Ne6 {[%clk
00:13:31]} {[%emt 00:01:03]} Rf6 {[%clk 00:46:32]} {[%emt 00:01:06]} 39. g5
{[%clk 00:12:22]} {[%emt 00:01:40]} Nf4+ {[%clk 00:46:12]} {[%emt 00:00:50]}
40. Kf3 {[%clk 00:11:46]} {[%emt 00:01:06]} Rxe6 {[%clk 00:46:23]} {[%emt
00:00:19]} 41. Rc8+ {[%clk 00:11:37]} {[%emt 00:00:40]} Kf7 {[%clk 00:45:50]}
{[%emt 00:01:03]} 42. Kxf4 {[%clk 00:11:48]} {[%emt 00:00:18]} Re8 {[%clk
00:45:07]} {[%emt 00:01:14]} 43. Rc7+ {[%clk 00:11:48]} {[%emt 00:00:29]} Re7
{[%clk 00:45:23]} {[%emt 00:00:13]} 44. Rc8 {[%clk 00:11:31]} {[%emt 00:00:48]}
Re8 {[%clk 00:45:17]} {[%emt 00:00:36]} 45. Rc4 {[%clk 00:11:00]} {[%emt
00:01:30]} Rb8 {[%clk 00:45:35]} {[%emt 00:00:12]} 46. Rc7+ {[%emt 00:01:11]}
Kg8 {[%clk 00:45:15]} {[%emt 00:00:07]} 47. Rxa7 {[%clk 00:11:18]} {[%emt
00:00:14]} Rd8 {[%clk 00:45:11]} {[%emt 00:00:33]} 48. Ne2 {[%clk 00:09:34]}
{[%emt 00:02:16]} Rd2 {[%clk 00:44:52]} {[%emt 00:00:47]} 49. Ke3 {[%clk
00:07:57]} {[%emt 00:02:08]} Rb2 {[%clk 00:44:54]} {[%emt 00:00:28]} 50. Nc1
{[%clk 00:07:49]} {[%emt 00:00:38]} Rb1 {[%clk 00:44:40]} {[%emt 00:00:41]} 51.
Rg7+ {[%clk 00:06:47]} {[%emt 00:01:34]} Kh8 {[%clk 00:44:32]} {[%emt
00:00:38]} 52. Rc7 {[%clk 00:06:26]} {[%emt 00:00:51]} Kg8 {[%clk 00:44:15]}
{[%emt 00:00:47]} 53. Kd2 {[%clk 00:05:36]} {[%emt 00:01:19]} Rb2+ {[%clk
00:44:23]} {[%emt 00:00:24]} 54. Rc2 {[%clk 00:05:47]} {[%emt 00:00:19]} Rxc2+
{[%clk 00:44:06]} {[%emt 00:00:47]} 55. Kxc2 {[%clk 00:06:12]} {[%emt
00:00:05]} Kf7 {[%clk 00:44:10]} {[%emt 00:00:25]} 56. Nd3 {[%clk 00:06:06]}
{[%emt 00:00:37]} Ke6 {[%clk 00:44:27]} {[%emt 00:00:13]} 57. Nxb4 {[%clk
00:06:05]} {[%emt 00:00:32]} f4 {[%clk 00:44:52]} {[%emt 00:00:04]} 58. Nd3
{[%clk 00:06:23]} {[%emt 00:00:12]} Kf5 {[%clk 00:45:14]} {[%emt 00:00:07]} 59.
b4 {[%clk 00:06:33]} {[%emt 00:00:21]} f3 {[%clk 00:45:04]} {[%emt 00:00:41]}
60. b5 {[%clk 00:06:41]} {[%emt 00:00:21]} Kg4 {[%clk 00:44:51]} {[%emt
00:00:42]} 61. b6 {[%clk 00:06:53]} {[%emt 00:00:19]} Kg3 {[%clk 00:44:58]}
{[%emt 00:00:23]} 62. b7 {[%clk 00:07:14]} {[%emt 00:00:09]} f2 {[%clk
00:45:09]} {[%emt 00:00:18]} 63. Nxf2 {[%clk 00:07:36]} {[%emt 00:00:09]} Kxf2
{[%clk 00:45:35]} {[%emt 00:00:04]} 64. b8=Q {[%clk 00:08:00]} {[%emt
00:00:06]} Kf3 {[%clk 00:45:56]} {[%emt 00:00:09]} 65. Qe5 {[%clk 00:08:15]}
{[%emt 00:00:15]} Kg4 {[%clk 00:46:14]} {[%emt 00:00:12]} 66. Qg7 {[%clk
00:08:16]} {[%emt 00:00:28]} Kh5 {[%clk 00:46:27]} {[%emt 00:00:18]} 67. Qxh7
{[%clk 00:08:25]} {[%emt 00:00:21]} Kxg5 {[%clk 00:46:49]} {[%emt 00:00:08]}
68. Qg7 {[%clk 00:08:44]} {[%emt 00:00:10]} Kf5 {[%clk 00:46:17]} {[%emt
00:01:03]} 69. h7 {[%clk 00:08:59]} {[%emt 00:00:15]} Ke6 {[%clk 00:46:22]}
{[%emt 00:00:25]} 70. h8=Q {[%clk 00:09:17]} {[%emt 00:00:12]} Kf5 {[%clk
00:46:44]} {[%emt 00:00:07]} 71. Qhf8+ {[%clk 00:09:12]} {[%emt 00:00:36]} Kg5
{[%clk 00:47:05]} {[%emt 00:00:08]} 72. Qff6+ {[%clk 00:09:32]} {[%emt
00:00:11]} Kg4 {[%clk 00:47:21]} {[%emt 00:00:14]} 73. Qgxg6+ {[%clk 00:09:53]}
{[%emt 00:00:09]} Kh3 {[%clk 00:47:29]} {[%emt 00:00:21]} 74. Qh8+ {[%clk
00:10:21]} {[%emt 00:00:03]} 1-0

[Event "DEM U10w 2022"]
[Site "Willingen GER"]
[Date "2022.06.05"]
[Round "1"]
[White "Klymenko, Mariia"]
[Black "Margaryan, Mane"]
[Result "1-0"]
[Termination "normal"]
[Board "10"]
[WhiteElo "871"]
[BlackElo "1107"]
[WhiteClock "00:37:36"]
[BlackClock "00:41:25"]
[PlyCount "105"]
[WhiteFideId "34620621"]
[BlackFideId "16268237"]
[EventCountry "GER"]
[EventRounds "11"]
[EventType "swiss"]
[EventDate "2022.06.04"]

1. e4 {[%clk 01:15:56]} {[%emt 00:00:03]} c6 {[%clk 01:15:57]} {[%emt
00:00:04]} 2. d4 {[%clk 01:16:04]} {[%emt 00:00:21]} d5 {[%clk 01:16:20]}
{[%emt 00:00:08]} 3. exd5 {[%clk 01:14:34]} {[%emt 00:01:59]} cxd5 {[%clk
01:16:39]} {[%emt 00:00:12]} 4. Nc3 {[%clk 01:14:30]} {[%emt 00:00:33]} Nf6
{[%clk 01:16:38]} {[%emt 00:00:33]} 5. g3 {[%clk 01:14:31]} {[%emt 00:00:25]}
Bf5 {[%clk 01:16:52]} {[%emt 00:00:19]} 6. Bg2 {[%clk 01:14:07]} {[%emt
00:00:53]} e6 {[%clk 01:17:01]} {[%emt 00:00:23]} 7. a3 {[%clk 01:14:05]}
{[%emt 00:00:30]} Bd6 {[%clk 01:16:26]} {[%emt 00:01:05]} 8. Nge2 {[%clk
01:13:09]} {[%emt 00:01:26]} O-O {[%clk 01:16:19]} {[%emt 00:00:39]} 9. O-O
{[%clk 01:13:18]} {[%emt 00:00:19]} h6 {[%clk 01:15:04]} {[%emt 00:01:46]} 10.
Bf4 {[%clk 01:04:34]} {[%emt 00:09:12]} Bg4 {[%clk 01:11:33]} {[%emt 00:04:03]}
11. Qd2 {[%clk 01:03:31]} {[%emt 00:01:32]} Bxe2 {[%clk 01:10:47]} {[%emt
00:01:17]} 12. Nxe2 {[%clk 01:02:34]} {[%emt 00:01:27]} Nc6 {[%clk 01:08:32]}
{[%emt 00:02:45]} 13. Rad1 {[%clk 01:01:26]} {[%emt 00:01:36]} Rc8 {[%clk
01:07:10]} {[%emt 00:01:53]} 14. Rfe1 {[%clk 01:00:42]} {[%emt 00:01:15]} Ne4
{[%clk 01:04:32]} {[%emt 00:03:09]} 15. Qe3 {[%clk 00:58:06]} {[%emt 00:02:57]}
Bxf4 {[%clk 00:59:33]} {[%emt 00:05:37]} 16. Nxf4 {[%clk 00:58:15]} {[%emt
00:00:20]} Nf6 {[%clk 00:58:16]} {[%emt 00:01:49]} 17. Qb3 {[%clk 00:54:13]}
{[%emt 00:04:29]} Na5 {[%clk 00:56:09]} {[%emt 00:02:39]} 18. Qb5 {[%clk
00:51:58]} {[%emt 00:02:40]} Rxc2 {[%clk 00:54:53]} {[%emt 00:01:51]} 19. b4
{[%clk 00:49:38]} {[%emt 00:02:46]} Nc4 {[%clk 00:52:49]} {[%emt 00:02:37]} 20.
Qa4 {[%clk 00:49:11]} {[%emt 00:00:54]} Ra2 {[%emt 00:03:51]} 21. Ra1 {[%clk
00:46:17]} {[%emt 00:00:59]} Rxa1 {[%clk 00:51:46]} {[%emt 00:00:42]} 22. Rxa1
{[%clk 00:46:42]} {[%emt 00:00:04]} a5 {[%clk 00:50:37]} {[%emt 00:01:39]} 23.
b5 {[%clk 00:44:56]} {[%emt 00:02:11]} Qd6 {[%clk 00:48:21]} {[%emt 00:02:50]}
24. Bf1 {[%clk 00:44:03]} {[%emt 00:01:20]} Rc8 {[%clk 00:46:35]} {[%emt
00:02:19]} 25. Rc1 {[%clk 00:42:11]} {[%emt 00:02:13]} Nb6 {[%clk 00:44:38]}
{[%emt 00:02:36]} 26. Rxc8+ {[%clk 00:41:23]} {[%emt 00:01:16]} Nxc8 {[%clk
00:44:59]} {[%emt 00:00:12]} 27. Qxa5 {[%clk 00:41:22]} {[%emt 00:00:31]} Nb6
{[%clk 00:44:12]} {[%emt 00:01:17]} 28. Bd3 {[%clk 00:41:21]} {[%emt 00:00:25]}
Nc4 {[%clk 00:43:33]} {[%emt 00:01:14]} 29. Qa8+ {[%clk 00:41:05]} {[%emt
00:00:46]} Qf8 {[%clk 00:43:47]} {[%emt 00:00:17]} 30. Qxf8+ {[%clk 00:40:46]}
{[%emt 00:00:47]} Kxf8 {[%clk 00:44:11]} {[%emt 00:00:09]} 31. Bxc4 {[%clk
00:40:59]} {[%emt 00:00:14]} dxc4 {[%clk 00:44:34]} {[%emt 00:00:09]} 32. Kf1
{[%clk 00:41:10]} {[%emt 00:00:18]} Ke7 {[%clk 00:44:10]} {[%emt 00:00:55]} 33.
f3 {[%clk 00:41:11]} {[%emt 00:00:24]} Kd6 {[%clk 00:44:30]} {[%emt 00:00:16]}
34. g4 {[%clk 00:40:33]} {[%emt 00:01:02]} e5 {[%clk 00:44:47]} {[%emt
00:00:18]} 35. dxe5+ {[%clk 00:40:48]} {[%emt 00:00:14]} Kxe5 {[%clk 00:45:09]}
{[%emt 00:00:09]} 36. Ne2 {[%clk 00:40:53]} {[%emt 00:00:22]} Nd5 {[%clk
00:44:40]} {[%emt 00:01:02]} 37. Ke1 {[%clk 00:40:52]} {[%emt 00:00:27]} c3
{[%clk 00:43:21]} {[%emt 00:01:53]} 38. Kd1 {[%clk 00:40:54]} {[%emt 00:00:26]}
Ne3+ {[%clk 00:43:23]} {[%emt 00:00:29]} 39. Kc1 {[%clk 00:40:55]} {[%emt
00:00:27]} c2 {[%clk 00:43:00]} {[%emt 00:00:55]} 40. Kb2 {[%clk 00:40:40]}
{[%emt 00:00:45]} Kd5 {[%clk 00:42:14]} {[%emt 00:01:17]} 41. Kb3 {[%clk
00:38:56]} {[%emt 00:02:07]} Nc4 {[%clk 00:41:11]} {[%emt 00:01:40]} 42. a4
{[%clk 00:38:42]} {[%emt 00:00:40]} Nb6 {[%clk 00:40:07]} {[%emt 00:01:38]} 43.
a5 {[%clk 00:38:42]} {[%emt 00:00:30]} Nd7 {[%clk 00:40:03]} {[%emt 00:00:35]}
44. Kxc2 {[%clk 00:38:35]} {[%emt 00:00:35]} b6 {[%clk 00:40:13]} {[%emt
00:00:21]} 45. a6 {[%clk 00:38:01]} {[%emt 00:01:03]} Nf6 {[%clk 00:38:58]}
{[%emt 00:01:47]} 46. a7 {[%clk 00:38:03]} {[%emt 00:00:27]} h5 {[%clk
00:39:11]} {[%emt 00:00:18]} 47. a8=Q+ {[%clk 00:38:09]} {[%emt 00:00:22]} Ke5
{[%clk 00:39:30]} {[%emt 00:00:12]} 48. Qb8+ {[%clk 00:37:48]} {[%emt
00:00:45]} Ke6 {[%clk 00:39:55]} {[%emt 00:00:10]} 49. Qxb6+ {[%clk 00:38:03]}
{[%emt 00:00:14]} Ke7 {[%clk 00:40:23]} {[%emt 00:00:04]} 50. Qc7+ {[%clk
00:37:15]} {[%emt 00:01:04]} Nd7 {[%clk 00:40:51]} {[%emt 00:00:16]} 51. b6
{[%clk 00:37:19]} {[%emt 00:00:25]} hxg4 {[%clk 00:41:09]} {[%emt 00:00:13]}
52. fxg4 {[%emt 00:00:28]} Ke6 {[%clk 00:41:25]} {[%emt 00:00:01]} 53. b7
{[%clk 00:37:36]} {[%emt 00:00:26]} 1-0

[Event "DEM U10w 2022"]
[Site "Willingen GER"]
[Date "2022.06.05"]
[Round "1"]
[White "Mersmann, Jasmin"]
[Black "Kühn, Nicole"]
[Result "1-0"]
[Termination "normal"]
[Board "11"]
[WhiteElo "1099"]
[BlackElo "870"]
[WhiteClock "00:59:59"]
[BlackClock "00:53:52"]
[PlyCount "63"]
[WhiteFideId "34630287"]
[BlackFideId "34610510"]
[EventCountry "GER"]
[EventRounds "11"]
[EventType "swiss"]
[EventDate "2022.06.04"]

1. e4 {[%clk 01:15:57]} {[%emt 00:00:02]} e5 {[%clk 01:15:58]} {[%emt
00:00:03]} 2. c4 {[%clk 01:15:54]} {[%emt 00:00:34]} Nf6 {[%clk 01:15:09]}
{[%emt 00:01:18]} 3. Nc3 {[%clk 01:16:08]} {[%emt 00:00:16]} Bc5 {[%clk
01:14:41]} {[%emt 00:00:57]} 4. d3 {[%clk 01:16:08]} {[%emt 00:00:31]} Nc6
{[%clk 01:13:58]} {[%emt 00:01:13]} 5. Bg5 {[%clk 01:16:12]} {[%emt 00:00:27]}
h6 {[%clk 01:14:00]} {[%emt 00:00:27]} 6. Bh4 {[%clk 01:16:33]} {[%emt
00:00:09]} d6 {[%clk 01:12:50]} {[%emt 00:01:41]} 7. h3 {[%clk 01:16:28]}
{[%emt 00:00:34]} Be6 {[%clk 01:12:43]} {[%emt 00:00:38]} 8. Be2 {[%clk
01:16:21]} {[%emt 00:00:37]} g5 {[%clk 01:12:38]} {[%emt 00:00:35]} 9. Bg3
{[%clk 01:16:30]} {[%emt 00:00:20]} Qd7 {[%clk 01:12:00]} {[%emt 00:01:08]} 10.
Nf3 {[%clk 01:16:12]} {[%emt 00:00:49]} O-O-O {[%clk 01:11:35]} {[%emt
00:00:55]} 11. Qd2 {[%clk 01:15:34]} {[%emt 00:01:08]} Nd4 {[%clk 01:11:14]}
{[%emt 00:00:50]} 12. O-O-O {[%clk 01:14:43]} {[%emt 00:01:21]} Nh5 {[%clk
01:08:37]} {[%emt 00:03:04]} 13. Nxd4 {[%clk 01:13:58]} {[%emt 00:01:18]} exd4
{[%clk 01:08:44]} {[%emt 00:00:23]} 14. Bxh5 {[%clk 01:12:35]} {[%emt
00:01:53]} dxc3 {[%clk 01:08:18]} {[%emt 00:00:56]} 15. Qxc3 {[%clk 01:12:09]}
{[%emt 00:00:56]} Qa4 {[%clk 01:07:17]} {[%emt 00:01:30]} 16. Kb1 {[%clk
01:11:06]} {[%emt 00:01:34]} Qa6 {[%clk 01:06:33]} {[%emt 00:01:15]} 17. Rc1
{[%clk 01:10:29]} {[%emt 00:01:07]} Qb6 {[%clk 01:06:51]} {[%emt 00:00:10]} 18.
a3 {[%clk 01:09:36]} {[%emt 00:01:25]} Bd4 {[%clk 01:07:01]} {[%emt 00:00:18]}
19. Qd2 {[%clk 01:08:45]} {[%emt 00:01:21]} c6 {[%clk 01:04:49]} {[%emt
00:02:42]} 20. Rc2 {[%clk 01:07:15]} {[%emt 00:02:01]} d5 {[%clk 01:04:53]}
{[%emt 00:00:25]} 21. cxd5 {[%clk 01:03:44]} {[%emt 00:04:02]} c5 {[%clk
01:02:09]} {[%emt 00:06:18]} 22. dxe6 {[%clk 01:05:52]} {[%emt 00:00:19]} fxe6
{[%clk 01:02:30]} {[%emt 00:00:09]} 23. Bg4 {[%clk 01:05:06]} {[%emt 00:01:16]}
Bg7 {[%clk 01:00:18]} {[%emt 00:02:42]} 24. Rhc1 {[%clk 01:04:03]} {[%emt
00:01:33]} Bf8 {[%clk 00:59:43]} {[%emt 00:01:03]} 25. d4 {[%clk 01:03:23]}
{[%emt 00:01:12]} Qc6 {[%clk 00:58:37]} {[%emt 00:01:36]} 26. Qe3 {[%clk
01:03:01]} {[%emt 00:00:52]} Rd7 {[%clk 00:56:56]} {[%emt 00:02:12]} 27. dxc5
{[%clk 01:02:26]} {[%emt 00:01:04]} Bg7 {[%clk 00:55:03]} {[%emt 00:02:22]} 28.
Qb3 {[%clk 01:01:38]} {[%emt 00:01:18]} Rhd8 {[%clk 00:54:59]} {[%emt
00:00:35]} 29. Bxe6 {[%clk 01:01:40]} {[%emt 00:00:28]} Qxe4 {[%clk 00:53:44]}
{[%emt 00:02:06]} 30. Bxd7+ {[%clk 01:01:19]} {[%emt 00:00:51]} Rxd7 {[%clk
00:53:59]} {[%emt 00:00:15]} 31. Ka1 {[%clk 01:00:15]} {[%emt 00:01:35]} Rd3
{[%clk 00:53:52]} {[%emt 00:00:37]} 32. Qg8+ {[%clk 00:59:59]} {[%emt
00:00:46]} 1-0

[Event "DEM U10w 2022"]
[Site "Willingen GER"]
[Date "2022.06.05"]
[Round "1"]
[White "Krannich, Eva"]
[Black "Frydel, Helena"]
[Result "1/2-1/2"]
[Termination "normal"]
[Board "12"]
[WhiteElo "845"]
[BlackElo "1141"]
[WhiteClock "00:43:49"]
[BlackClock "00:29:00"]
[PlyCount "50"]
[WhiteFideId "34639713"]
[BlackFideId "16266536"]
[EventCountry "GER"]
[EventRounds "11"]
[EventType "swiss"]
[EventDate "2022.06.04"]

1. e3 {[%clk 01:15:58]} {[%emt 00:00:01]} e5 {[%clk 01:15:52]} {[%emt
00:00:09]} 2. d4 {[%clk 01:16:20]} {[%emt 00:00:07]} exd4 {[%clk 01:16:13]}
{[%emt 00:00:09]} 3. exd4 {[%clk 01:16:42]} {[%emt 00:00:07]} d5 {[%clk
01:16:36]} {[%emt 00:00:08]} 4. Bd3 {[%clk 01:17:04]} {[%emt 00:00:08]} Bd6
{[%clk 01:16:57]} {[%emt 00:00:10]} 5. Nc3 {[%clk 01:17:17]} {[%emt 00:00:16]}
Nf6 {[%clk 01:16:50]} {[%emt 00:00:36]} 6. Bg5 {[%clk 01:17:37]} {[%emt
00:00:10]} h6 {[%clk 01:16:45]} {[%emt 00:00:36]} 7. Bh4 {[%clk 01:17:54]}
{[%emt 00:00:12]} O-O {[%clk 01:16:40]} {[%emt 00:00:36]} 8. Nge2 {[%clk
01:18:12]} {[%emt 00:00:12]} Re8 {[%clk 01:12:11]} {[%emt 00:04:59]} 9. Qd2
{[%clk 01:18:30]} {[%emt 00:00:11]} Nc6 {[%clk 01:11:19]} {[%emt 00:01:23]} 10.
O-O-O {[%clk 01:18:36]} {[%emt 00:00:25]} g5 {[%clk 01:08:22]} {[%emt
00:03:26]} 11. Bg3 {[%clk 01:14:46]} {[%emt 00:04:20]} Ng4 {[%emt 00:13:41]}
12. Rdf1 {[%clk 01:10:13]} f5 {[%clk 00:53:43]} {[%emt 00:07:00]} 13. Bxd6
{[%clk 01:08:59]} {[%emt 00:01:44]} Qxd6 {[%clk 00:53:48]} {[%emt 00:00:25]}
14. h3 {[%clk 01:05:46]} {[%emt 00:03:43]} Nf6 {[%clk 00:49:55]} {[%emt
00:04:23]} 15. g3 {[%clk 00:58:19]} {[%emt 00:07:57]} Kg7 {[%clk 00:46:03]}
{[%emt 00:04:23]} 16. f4 {[%clk 00:55:33]} {[%emt 00:03:15]} Kg6 {[%clk
00:43:07]} {[%emt 00:03:27]} 17. fxg5 {[%clk 00:55:07]} {[%emt 00:00:55]} hxg5
{[%clk 00:40:21]} {[%emt 00:03:16]} 18. h4 {[%clk 00:55:12]} {[%emt 00:00:26]}
Rh8 {[%clk 00:36:18]} {[%emt 00:04:30]} 19. Qxg5+ {[%clk 00:55:03]} {[%emt
00:00:42]} Kf7 {[%clk 00:35:53]} {[%emt 00:00:47]} 20. Bxf5 {[%clk 00:54:47]}
{[%emt 00:00:52]} Rg8 {[%clk 00:34:46]} {[%emt 00:01:32]} 21. Qf4 {[%clk
00:47:33]} {[%emt 00:07:50]} Qxf4+ {[%clk 00:34:37]} {[%emt 00:00:39]} 22. Rxf4
{[%clk 00:47:45]} {[%emt 00:00:18]} Bxf5 {[%clk 00:34:26]} {[%emt 00:00:41]}
23. Rxf5 {[%clk 00:48:03]} {[%emt 00:00:12]} Ke6 {[%clk 00:33:29]} {[%emt
00:01:18]} 24. Rf3 {[%clk 00:47:13]} {[%emt 00:01:29]} Raf8 {[%clk 00:31:06]}
{[%emt 00:02:53]} 25. Nf4+ {[%clk 00:43:49]} {[%emt 00:03:55]} Kd6 {[%clk
00:29:00]} {[%emt 00:02:34]} 1/2-1/2

[Event "DEM U10w 2022"]
[Site "Willingen GER"]
[Date "2022.06.05"]
[Round "1"]
[White "Glotz, Katharina"]
[Black "Albrecht, Sidney Jenna"]
[Result "1-0"]
[Termination "normal"]
[Board "13"]
[WhiteElo "1067"]
[BlackElo "814"]
[PlyCount "67"]
[WhiteFideId "34631011"]
[BlackFideId "34660283"]
[EventCountry "GER"]
[EventRounds "11"]
[EventType "swiss"]
[EventDate "2022.06.04"]

{normal} 1. e4 c5 2. Nf3 Nc6 3. d4 cxd4 4. Nxd4 g6 5. Nc3 Bg7 6. Be3 Nf6 7. Qd2
O-O 8. O-O-O d5 9. Nxc6 bxc6 10. exd5 cxd5 11. Nxd5 Nxd5 12. Qxd5 Qc7 13. Be2
Rb8 14. b3 Rb4 15. Bd4 Be6 16. Qc5 Bh6+ 17. Kb1 Qxc5 18. Bxc5 Rb7 19. Bf3 Rb5
20. Bxe7 Rfb8 21. Rd3 Bf5 22. Rd8+ Kg7 23. Rxb8 Rxb8 24. Bc5 a5 25. g4 Be6 26.
Bd4+ f6 27. Re1 Bf7 28. Re7 a4 29. Bd5 axb3 30. axb3 Rd8 31. Rxf7+ Kh8 32.
Bxf6+ Kg8 33. Rd7+ Kf8 34. Rxd8# 1-0

[Event "DEM U10w 2022"]
[Site "Willingen GER"]
[Date "2022.06.05"]
[Round "1"]
[White "Burchardi, Helena"]
[Black "Englert, Ann"]
[Result "1/2-1/2"]
[Termination "normal"]
[Board "14"]
[WhiteElo "802"]
[BlackElo "1059"]
[PlyCount "77"]
[WhiteFideId "34636374"]
[BlackFideId "34606181"]
[EventCountry "GER"]
[EventRounds "11"]
[EventType "swiss"]
[EventDate "2022.06.04"]

1. e4 c5 2. Nf3 Nc6 3. d4 cxd4 4. Nxd4 g6 5. Nxc6 bxc6 6. Qd4 f6 7. Nc3 Bg7 8.
Bc4 e5 9. Qd3 Ne7 10. O-O Qc7 11. Be3 Rb8 12. b3 a5 13. Rad1 Ra8 14. Rd2 f5 15.
Bf7+ Kxf7 16. Qc4+ d5 17. exd5 Nxd5 18. Nxd5 Be6 19. Rfd1 Qb7 20. Bg5 cxd5 21.
Qc5 h6 22. Be3 d4 23. Bxd4 exd4 24. Re2 Rhc8 25. Qd6 Qc6 26. Rxe6 Qxd6 27. Rxd6
Rxc2 28. Rd7+ Kf8 29. g3 Rxa2 30. Re1 Rb2 31. Ree7 Bf6 32. Rf7+ Kg8 33. Rxf6
Rxb3 34. Rxg6+ Kh8 35. Rxh6+ Kg8 36. Rxd4 Kg7 37. Rdd6 a4 38. Ra6 Rab8 39. Rhc6
1/2-1/2

[Event "DEM U10w 2022"]
[Site "Willingen GER"]
[Date "2022.06.05"]
[Round "1"]
[White "Malagatte, Samiksha"]
[Black "Margaryan, Mari"]
[Result "1/2-1/2"]
[Termination "normal"]
[Board "15"]
[WhiteElo "1056"]
[BlackElo "792"]
[PlyCount "51"]
[WhiteFideId "34633790"]
[BlackFideId "16279700"]
[EventCountry "GER"]
[EventRounds "11"]
[EventType "swiss"]
[EventDate "2022.06.04"]

{normal} 1. e4 e6 2. d4 d5 3. exd5 exd5 4. Nf3 Nc6 5. Bd3 Bd6 6. O-O Bg4 7. h3
Bh5 8. Be2 Bxf3 9. Bxf3 Nf6 10. Bg5 Be7 11. Re1 h6 12. Bxf6 gxf6 13. Nd2 Qd7
14. c4 dxc4 15. Nxc4 Nxd4 16. Bxb7 Rb8 17. Be4 Rb4 18. b3 f5 19. Bxf5 Nxf5 20.
Qxd7+ Kxd7 21. Ne5+ Ke8 22. Nc6 Rb7 23. g4 Rg8 24. Kh2 Kd7 25. gxf5 Bd6+ 26.
Ne5+ 1/2-1/2